000 00794cam a22002533a 4500
001 8532
003 PGUSA
005 20140828083201.0
008 041201s2004||||xxu|||||s|||||000 1 eng d
040 _aPGUSA
_beng
042 _adc
050 4 _aPS
100 1 _aWhite, Edward Lucas,
_d1866-1934
245 1 0 _aAndivius Hedulio :
_bAdventures of a Roman Nobleman in the Days of the Empire
_h[electronic resource] /
_cEdward Lucas White
260 _bProject Gutenberg,
_c2004
506 _aPublic domain in the USA.
516 _aElectronic text
653 _aNobility -- Fiction
653 _aRome -- History -- Empire, 30 B.C.-476 A.D. -- Fiction
653 _aHistorical fiction
830 0 _aProject Gutenberg
_v8532
856 4 0 _uhttp://www.gutenberg.org/ebooks/8532
942 _cEB
999 _c237832
_d237832